[Event "Tbilisi FIDE GP"]
[Site "Tbilisi"]
[Date "2015.02.21"]
[Round "6"]
[White "Mamedyarov, Shakhriyar"]
[Black "Jakovenko, Dmitrij"]
[Result "1/2-1/2"]
[WhiteElo "2759"]
[BlackElo "2733"]
[Annotator "Roiz,M"]
[PlyCount "152"]
[EventDate "2015.02.15"]
[EventType "tourn"]
[EventRounds "11"]
[EventCountry "GEO"]
[EventCategory "20"]
[SourceTitle "CBM 165"]
[Source "ChessBase"]
[SourceDate "2015.03.11"]
[SourceVersion "1"]
[SourceVersionDate "2015.03.11"]
[SourceQuality "1"]

1. e4 e5 2. Nc3 Nf6 3. g3 {This opening line is rarely seen on the top level.
This time Mamedyarov didn't want to check his opponent's preparation after his
main weapon 1.d4.} d5 4. exd5 Nxd5 5. Bg2 Nxc3 6. bxc3 Nc6 7. Nf3 Bc5 (7... Bd6
{is the solid alternative here.}) 8. O-O O-O 9. Re1 {The position is
approximately equal and complex. Black has some space advantage, while White
has rich piece play and may use the b- and e-file for his rooks.} Qf6 {This
move definitely makes sense - the rook is not protecting the Pf2 anymore, so
White should be careful now.} ({Shakhriyar had some positive experience before:
} 9... Bb6 10. d3 Re8 11. a4 Bg4 12. h3 Bh5 13. g4 Bg6 14. Nd2 Qh4 15. Qe2 f5
16. Nf3 Qf6 17. gxf5 Bxf5 18. Ng5 $132 {1-0 (60) Mamedyarov,S (2753)-Kramnik,V
(2803)/Geneve SUI 2013}) 10. d3 Bg4 {Dmitry Jakovenko goes for the most active
way of development, pinning White's knight and provoking the following
weakening move.} ({The modest-looking} 10... h6 11. Be3 Bb6 {is also playable:}
12. Nd2 Re8 13. Rb1 (13. a4 $5) 13... Bf5 14. c4 Rad8 15. Ne4 Qg6 16. Bxb6 axb6
$11 {1/2-1/2 (46) Lu Shanglei (2514)-Harikrishna,P (2678)/Hangzhou CHN 2012})
11. h3 Bh5 12. Be3 {Mamedyarov prefers to neutralise the pressure of Black's
dark-squared bishop before any aggressive actions.} ({There were some
alternatives at his disposal:} 12. Rb1 $5 Bb6 13. g4 Bg6 14. Bg5 Qe6 (14... Qd6
15. Nh4 f5 16. Be3 $14) 15. Nh4 Qxa2 16. c4 $44) ({The immediate} 12. g4 $5 Bg6
13. g5 Qd6 14. Nh4 Rae8 15. Qe2 {could lead to a more complex battle, where
White's light-squared bishop may become very powerful.}) 12... Bb6 13. g4 {
Sooner or later, White had to avoid the unpleasant pin.} Bg6 14. Nd2 Qh4 {
Obviously, the compromised kingside pawn structures gives Black definite
attacking possibilities.} 15. a4 $146 {This novelty is hardly a significant
improvement over White's play in 1 preceding game. Black is generally doing
well here.} (15. Rb1 f5 16. Qf3 $2 e4 $1 (16... Kh8 17. gxf5 Bxf5 18. Qg3 $11 {
1/2-1/2 (24) Stevic,H (2621)-Brkic,A (2564)/Zadar 2010/CBM 139 Extra}) 17. dxe4
Ne5 18. Qe2 fxg4 $17) 15... f5 16. gxf5 $6 {Underestimating the opponent's
attacking resources. White's position is getting dangerous and requires very
precise play.} ({Shakhriyar should have opted for} 16. a5 Bxe3 17. Rxe3 fxg4
18. Qe2 gxh3 19. Rxh3 Qf6 20. a6 b6 21. d4 $44 {with definite compensation for
a pawn}) ({Or} 16. Nf3 Qf6 17. g5 Qd6 18. Nh4 Be8 19. Qe2 $132) 16... Bh5 $1 {
Now allowing White to activate the queen.} ({The primitive} 16... Rxf5 17. Qg4
Qe7 18. a5 Bxe3 19. fxe3 Rg5 20. Qa4 $132 {leads to complicated double-edged
play.}) 17. Nf3 $1 {That move looks like a concession, but White need more
pieces for protecting the king.} (17. Qb1 Rxf5 18. Ne4 Bf3 19. Qb3+ Kh8 20. Qe6
Raf8 21. Bxf3 Rxf3 22. Kg2 h6 $15) 17... Qe7 (17... Qf6 18. Qd2 Qxf5 19. Ng5 h6
20. Ne4 Bf3 21. Bxf3 Qxf3 22. Kh2 $11) 18. Bxb6 $6 ({After} 18. a5 Bxa5 19. Qb1
Bb6 20. Bxb6 cxb6 21. Qb3+ Kh8 22. Nxe5 Nxe5 23. f4 Rxf5 24. Rxe5 Rxe5 25. fxe5
Qxe5 $15 {White is going to suffer from the vulnerablity of his king. However,
it was the lesser evil.}) 18... axb6 $2 {Returning the favour. Dmitry misses a
golden opportunity to develop a powerful attack .} ({The unexpected} 18... Rxf5
$1 19. Be3 Raf8 20. Qb1 Bxf3 21. Bxf3 Rxf3 22. Qxb7 Qd7 $40 {looks extremely
dangerous.}) 19. d4 $1 {Now White is just in time to simplify the position.}
Rxf5 (19... e4 20. Qd2 Rxf5 21. Nh2 {is not dangerous for White, as Black
cannot hold the Pe4.}) 20. Qd3 Raf8 ({Black had various alternatives, but
White should be able to equalise in all cases:} 20... Bg6 21. Nxe5 Rxe5 (21...
Nxe5 22. Qg3 Rg5 23. Rxe5 Rxg3 24. Rxe7 Rxc3 25. Bxb7 $11) 22. Rxe5 Nxe5 23.
Qe3 Nc6 24. Bxc6 Qxe3 25. Bd5+ Qe6 26. Bxe6+ Kf8 27. Bb3 $11 {White has many
weak pawns, but there is 1 extra!}) ({White should be OK also after} 20... Bxf3
21. Qxf5 Rf8 22. Qxf3 Rxf3 23. Bxf3 Qg5+ 24. Bg2 $11) (20... Qf6 21. dxe5 Nxe5
22. Nxe5 Rxe5 23. Rxe5 Qxe5 24. Bxb7 Re8 25. Qd4 $11) 21. Nxe5 Nxe5 22. Rxe5
Rxe5 23. dxe5 Qxe5 24. Qd5+ {A good practical decision - the king is not in
danger anymore.} Qxd5 25. Bxd5+ Kh8 26. Bxb7 Rf5 27. Re1 $6 {A waste of time.}
({A more accurate move was} 27. c4 Rc5 28. Bd5 $11) 27... Rc5 28. Re3 Kg8 {
Black has some edge here, but the position is pretty much drawish.} 29. Be4 Bf7
30. Bd3 ({Possibly,} 30. Kf1 {was better:} Rc4 31. Bb7 Rxa4 32. Re7 c5 33. Ke2
Kf8 34. Rc7 {and having such active pieces, White should be able to hold it
quite easily.}) 30... Kf8 31. Bb5 Bg6 {Now Black wins the pawn back and keeps
some pressure.} (31... g6 $5 {was also worth considering:} 32. Kf1 Bc4+ 33. Ke1
Bxb5 34. axb5 Rxb5 $15) 32. Bd3 Bxd3 33. Rxd3 Rc4 34. Kg2 Rxa4 35. Kg3 {
The resulting endgame is quite unpleasant for White.} Ke7 36. h4 g6 37. f3 Ke6
38. Kh3 Rc4 ({After} 38... b5 39. Kg3 c5 40. Rd8 {White should be able to
escape, but the task is not easy:} Ra3 41. Rb8 Rxc3 42. Rxb5 Rxc2 43. h5 gxh5
44. Rb7 h6 45. Rb6+ Kf5 46. Rxh6 Kg5 47. Rh8 c4 48. Rg8+ Kf6 49. Rh8 Kg6 50.
Rg8+ Kh7 51. Rg5 Kh6 52. Rg8 Rc1 53. Kf4 c3 54. Ke3 $11) (38... Ra2 39. Rd2 Ra3
40. Rd3 {doesn't seem to change much.}) 39. Kg3 {White is doomed to a passive
defence, but the reducued material gives him great drawing chances.} Ra4 40.
Re3+ Kf6 41. Rd3 Rc4 42. Re3 $6 {White is playing too passively and allows
Black to improve the position step by step.} (42. f4 $1 b5 43. Kf3 $15) 42...
Kf5 $1 43. Rd3 c6 44. Re3 b5 ({It looks like here Dmitry has missed an
excellent winning chance:} 44... h5 $142 $1 45. Rd3 Rc5 46. Re3 Re5 47. Rd3 Rd5
48. Re3 Rd2 49. c4 Rxc2 50. Rb3 Rxc4 51. Rxb6 c5 $17) 45. Rd3 Rc5 46. Re3 Re5 (
{Now it's too late for} 46... h5 47. f4 Rc4 48. Re5+ Kf6 49. Re3 c5 50. Kf3 {
and Black cannot make progress.}) 47. Rd3 Rd5 48. Re3 Rd2 $2 {Finally allowing
White to activate.} ({The correct} 48... Re5 49. Rd3 Rc5 $1 50. Re3 Rc4 51. Rd3
h5 {would still offer Black good winning chances.}) 49. f4 Kf6 50. Re5 Rd5 ({
White is just in time to stop the pawn after} 50... Rxc2 51. Rc5 b4 52. Rxc6+
Ke7 53. Rc7+ Kd6 54. Rxh7 bxc3 55. Rh8 Rc1 56. Rc8 $11) 51. Re3 Rc5 52. Kf3 Rc4
53. Kg4 {Unfortunately for Dmitry, Black has no real winning ideas now.} h6 54.
Kg3 Kf5 55. Re5+ Kf6 56. Re3 {White should just sit and wait.} h5 57. Kf3 Kf5
58. Re5+ Kf6 59. Re3 c5 60. Rd3 Ke6 61. Re3+ Kd6 62. Rd3+ Kc6 63. Ke3 (63. Re3
Kb6 64. Re6+ Ka5 65. Re3 b4 66. cxb4+ cxb4 67. Re2 $11) 63... Ra4 ({The best
chance was} 63... Kc7 $1 64. Rd5 $1 ({The passive defence is not recommended:} 
64. Kf3 $6 Kb6 65. Rd6+ Ka5 66. Rd3 Ka4 $17) 64... Rxc3+ 65. Kd2 Rc4 66. Rg5
Rxf4 67. Rxc5+ Kb6 68. Rg5 Rxh4 69. Rxg6+ Kc5 70. Rh6 {and White should be
able to hold the draw.}) 64. Rd8 Rc4 65. Rg8 $1 {Finally Mamedyarov gets
sufficient counterplay.} Rxc3+ 66. Kd2 Rh3 67. Rxg6+ Kd5 68. Rg5+ Kd4 69. Rxh5
b4 70. Rg5 c4 71. Rg1 (71. Kc1 Rxh4 72. f5 Rf4 73. Kb2 $11) 71... Rxh4 ({
Nothing was changed by} 71... c3+ 72. Kc1 Rxh4 73. Rd1+ Kc4 74. Rd8 Rxf4 75.
Rc8+ Kb5 76. Kb1 $11) 72. f5 Rf4 73. Kc1 Rxf5 74. Kb2 $11 {Now the draw is
unavoidable.} Ke3 75. Re1+ Kd2 76. Re4 Rc5 1/2-1/2

[Event "EU-ch 16th"]
[Site "Jerusalem"]
[Date "2015.03.08"]
[Round "11"]
[White "Hovhannisyan, Robert"]
[Black "Zhigalko, Sergei"]
[Result "1-0"]
[WhiteElo "2592"]
[BlackElo "2675"]
[Annotator "Roiz,M"]
[PlyCount "89"]
[EventDate "2015.02.24"]
[EventType "swiss"]
[EventRounds "11"]
[EventCountry "ISR"]
[SourceTitle "CBM 166"]
[Source "ChessBase"]
[SourceDate "2015.05.11"]
[SourceVersion "1"]
[SourceVersionDate "2015.05.11"]
[SourceQuality "1"]

1. e4 e5 2. Nf3 Nc6 3. Nc3 Nf6 4. d4 exd4 5. Nxd4 Bb4 6. Nxc6 bxc6 7. Bd3 d5 8.
exd5 cxd5 9. O-O O-O 10. h3 {This way of handling the well-known theoretical
line was introduced by Vladimir Kramnik and has gained a lot of popularity.}
Re8 11. Qf3 c6 12. Bf4 Bd6 13. Rfe1 Rxe1+ {For some reason, usually Black
prefers to keep all the rooks on the board.} ({At the moment, White fails to
pose Black any serious problems after} 13... Be6 14. Ne2 (14. Rad1 Qb8 15. Bxd6
Qxd6 16. b3 Bd7 $11 {1/2-1/2 (21) Vocaturo,D (2590)-Raznikov,D (2494)/
Groningen NED 2014 (70)}) 14... Qb8 15. b3 Bd7 16. Be3 (16. Qg3 Nh5 17. Bxd6
Nxg3 18. Bxb8 Nxe2+ 19. Rxe2 Rxe2 20. Bxe2 Rxb8 21. Rd1 Be6 22. Rd4 Kf8 23. Ra4
Rb7 24. Ra6 Rc7 $11 {1/2-1/2 Andreikin,D (2713)-Karjakin,S (2782)/Moscow RUS
2013 (44)}) 16... a5 17. a4 Qc7 18. Nd4 Bb4 19. Re2 Qe5 20. Rd1 Ne4 $11 {
1/2-1/2 Naiditsch,A (2716)-Fridman,D (2667)/Baden-Baden GER 2013 (48)}) 14.
Rxe1 Be6 $146 {That novelty definitely makes sense. Black chooses the same
plan of development as in the previous notes.} (14... Rb8 {as was played in
Kashlinskaya,A (2305)-Kovanova,B (2377)/Loo RUS 2013 (41)} {should be met by}
15. b3 Be6 16. Ne2 (16. Qe3 c5 17. Nb5 Bxf4 18. Qxf4 Rb7 19. c4 Rd7 $11) 16...
c5 17. c3 {with a slight edge for White.}) 15. Ne2 {A usual route for the
knight. It may disturb the opponent's bishop either from f4 or d4.} (15. a3 {
promises nothing:} c5 16. Bg5 h6 17. Bxf6 Qxf6 18. Qxf6 gxf6 $11) 15... c5 16.
b3 {It is necessary to stop the possible advance of Black's central pawns.} (
16. c3 Qb6 17. b3 Re8 18. Bxd6 Qxd6 19. Nf4 Bd7 20. Rxe8+ Bxe8 $11) 16... Rb8
17. Bxd6 {White can hardly deviate from that exchange for a long time.} (17. c3
h6 18. Bxd6 Qxd6 $11) 17... Qxd6 18. Nf4 {White has slight pressure, but the
reduced material balance should enable Black to equalise.} Bd7 $1 {Sergei
correctly keeps his light-squared bishop on the board.} (18... Rc8 19. Nxe6
fxe6 20. Qe3 Re8 21. f4 g6 22. g3 $14) 19. c4 {Robert decides to force matters.
In fact, that is the best practical chance to pose Black any problems.} (19.
Qg3 Re8 20. Rxe8+ Nxe8 21. Qg5 Bc6 $11) 19... d4 (19... Bc6 20. cxd5 Nxd5 21.
Nxd5 Bxd5 22. Qe3 Be6 23. Rc1 $14) 20. Nd5 Nxd5 {Black had no optimal choice
here.} ({For instance,} 20... Re8 $2 21. Nxf6+ Qxf6 22. Rxe8+ Bxe8 23. Qh5 g5
24. Qxh7+ Kf8 25. Qh5 $16) 21. Qxd5 Qxd5 22. cxd5 g6 $2 {A loss of important
tempi, which leads to a difficult position.} ({The precise} 22... Kf8 23. Kf1
a5 {would allow Black to achieve a draw:} 24. d6 (24. Rc1 Bb5 25. Ke2 (25. Bxb5
Rxb5 26. a4 Rxb3 27. Rxc5 Ke7 28. Rxa5 Kd6 29. Ke2 Ra3 30. Ra7 f5 31. Rxg7 Rxa4
32. Rxh7 Ra2+ $11) 25... Bxd3+ 26. Kxd3 Rc8) 24... a4 25. bxa4 Bxa4 26. Re5 Rc8
27. Bf5 Rd8 28. Rxc5 Rxd6 $11) 23. Kf1 $1 a5 ({Unfortunately for Sergei, it is
too late to exchange the bishops now:} 23... Kf8 24. Rc1 Bb5 25. Ke2 Bxd3+ 26.
Kxd3 Rb5 27. Kc4 Rb8 28. Re1 {is practically lost for Black, since his king
cannot be activated.}) 24. Rc1 $6 {This natural move makes Black's task easier.
} (24. Re7 $1 {was stronger:} Rd8 25. Bc4 Kf8 (25... a4 26. bxa4 Bxa4 27. Rc7
$16) 26. d6 Be8 27. Rc7 Rxd6 28. Rxc5 d3 29. Ke1 $16 {and White is going to
win the pawn without exchanging anything.}) 24... Rc8 25. Ba6 Rc7 $6 {
Returning the favour.} ({GM Zhigalko had to give up the pawn immediately in
order to activate his pieces:} 25... Ra8 $1 26. Bb7 Re8 27. Bc6 Bxc6 28. dxc6
d3 29. Rd1 c4 ({Or} 29... Rc8 30. Rxd3 Rxc6 31. Rd8+ Kg7 32. Ra8 c4 33. bxc4
Rxc4 34. Rxa5 Rc2) 30. bxc4 Re4 31. Rxd3 Rxc4 32. Ra3 a4 33. c7 Rxc7 34. Rxa4
Rc2 {with excellent drawing chances.}) 26. Ke2 Kg7 ({The alternatives were
hardly better:} 26... Kf8 27. d6 Ra7 28. Bd3 a4 29. Rxc5 axb3 30. axb3 Ke8 31.
Bc4 $16) (26... Ra7 27. Bd3 Rc7 28. d6 Rc8 29. Ba6 Re8+ 30. Kd2 Re5 31. f4 Rf5
32. g4 Rd5 33. Bb7 Rxd6 34. Rxc5 $16) 27. d6 Ra7 ({Now} 27... Rc6 28. Bb5 Rxd6
29. Bxd7 Rxd7 30. Rxc5 Ra7 31. Kd3 $16 {leads to a bad rook endgame, as the
rook is very passive.}) 28. Bd3 Kf6 29. Rxc5 Ke6 30. Bc4+ Kxd6 31. Rd5+ Kc6 32.
Rxd4 $16 {White is a sound pawn up now, but Black is still in the game.} Kc5
33. Rh4 Bc6 $2 {For some reasons, Sergei decides to give up a second pawn, and
that is too much.} ({Patience was called for:} 33... f6 34. Bd3 Bc6 35. f3 Re7+
36. Kd2 f5 $16) 34. Rxh7 Bxg2 (34... Re7+ 35. Kf1 Bb5 36. Rh4 $18) 35. Rxf7 (
35. f3 {was also good enough:} Rd7 36. h4 Kb4 37. h5 gxh5 38. Rxh5 Ka3 39. Rh2
$18) 35... Rxf7 (35... Ra8 36. h4 Re8+ 37. Kd2 Bd5 38. Bxd5 Rd8 39. Rf6 Rxd5+
40. Ke3 $18) 36. Bxf7 {The rest is matter of simple technique.} Bxh3 (36... g5
37. Be6 Kd6 38. Bg4 Be4 39. Ke3 Ke5 40. a3 $18) 37. Bxg6 Kb4 38. f4 Ka3 39. Kd2
Kxa2 40. Kc3 Be6 41. Bc2 Ka3 42. f5 Bf7 43. f6 Bg8 44. Bd3 Bxb3 45. Bc4 1-0

[Event "Hoogovens"]
[Site "Wijk aan Zee"]
[Date "1991.01.??"]
[Round "5"]
[White "Salov, Valery"]
[Black "Nunn, John DM"]
[Result "1-0"]
[WhiteElo "2645"]
[BlackElo "2600"]
[Annotator "Salov,V"]
[PlyCount "75"]
[EventDate "1991.01.??"]
[EventType "tourn"]
[EventRounds "13"]
[EventCountry "NED"]
[EventCategory "14"]
[SourceTitle "CBM 022"]
[Source "ChessBase"]
[SourceDate "1991.06.01"]
[SourceVersion "1"]
[SourceVersionDate "1991.06.01"]
[SourceQuality "1"]

1. e4 {Schussler} e5 2. Nf3 Nc6 3. Nc3 Nf6 4. d4 exd4 5. Nxd4 Bb4 6. Nxc6 bxc6
7. Bd3 d5 8. exd5 cxd5 9. O-O O-O 10. Bg5 Be6 11. Ne2 h6 (11... c5 12. c3 Ba5
13. Qa4 $14 {Chiburdanidze-D'Amore,Biel-B 1990}) 12. Bh4 Bd6 13. Nd4 c5 {
= Keres} (13... Bd7 14. Nf5 Bxf5 15. Bxf5 Rb8 16. b3 Be5 17. Rb1 Qd6 18. Bg3
Bxg3 19. hxg3 Rfe8 $10 {Rossetto-Bolbochan,Mar del Plata,1956}) 14. Nxe6 (14.
Nf5 {Schussler} Bxf5 15. Bxf5 Be5 16. c3 Rb8 $10 {Alexander-Kluger, Amsterdam 
(Ol) 1954}) 14... fxe6 15. Qe2 $1 e5 16. Bg6 $1 $14 (16. c4 e4 17. Bc2 Qb8 $132
) (16. Bf5 g5 17. Bg3 e4 18. c4 Re8 $13) 16... Rb8 (16... c4 $5 17. b3 cxb3 18.
axb3 Qc7 $14) 17. c4 $1 e4 18. Rad1 Qc7 19. Kh1 dxc4 20. Bxf6 $5 (20. Bxe4 g5
21. Bg3 Bxg3 22. hxg3 Kg7 $14) 20... Rxf6 21. Bxe4 Be5 (21... Kh8 $5) 22. Qxc4+
Kh8 23. b3 Rbf8 24. Qe2 Bd4 25. f3 $16 Qe5 26. g3 Re8 27. Qd3 Rd6 28. Rd2 h5
29. Re2 h4 30. gxh4 (30. f4 $6 Qf6 31. Qf3 Rde6 {with some counterplay along
the 'e' file}) 30... Rh6 31. f4 Qf6 32. Qf3 Rxh4 33. Bd3 Rf8 (33... Rxe2 $4 34.
Qa8+ {mates in two}) 34. Qg3 Qh6 35. Qg6 (35. Bg6 {was probably even stronger,
cutting off black queen instead of trading it}) 35... Rh3 36. Qxh6+ gxh6 37.
Bc4 $16 Be3 $4 {black succumbs to the time pressure} 38. Kg2 1-0

[Event "Biel-B"]
[Site "Biel"]
[Date "1990.??.??"]
[Round "1"]
[White "Chiburdanidze, Maia"]
[Black "D'Amore, Carlo"]
[Result "1-0"]
[WhiteElo "2500"]
[BlackElo "2425"]
[Annotator "Schussler,H"]
[PlyCount "75"]
[EventDate "1990.07.??"]
[EventType "tourn"]
[EventRounds "11"]
[EventCountry "SUI"]
[EventCategory "10"]
[SourceTitle "CBM 019"]
[Source "ChessBase"]
[SourceDate "1990.12.01"]
[SourceVersion "1"]
[SourceVersionDate "1990.12.01"]
[SourceQuality "1"]

1. e4 e5 2. Nf3 Nc6 3. d4 exd4 4. Nxd4 Nf6 5. Nc3 Bb4 6. Nxc6 bxc6 7. Bd3 d5 8.
exd5 cxd5 9. O-O O-O 10. Bg5 Be6 11. Ne2 c5 {11. - h6 is considered to be
safer.} 12. c3 Ba5 13. Qa4 Bc7 14. Qh4 h6 15. Bxf6 Qxf6 16. Qxf6 gxf6 17. Ng3
Rab8 18. Rab1 Rb6 19. b4 d4 20. bxc5 Rxb1 21. Rxb1 dxc3 22. Rc1 Rd8 23. Bf1 (
23. Rxc3 $2 Be5 24. Ra3 Bb2 $19) 23... Bxa2 24. Ne4 a5 25. Nxc3 Bb3 26. g3 a4
27. Nb5 Be5 28. c6 Rc8 29. Bh3 Be6 30. Bxe6 fxe6 31. Rc4 Kf8 32. Kg2 Ke7 33.
Na7 Rd8 34. c7 Bxc7 35. Rxc7+ Rd7 36. Nc8+ Kd8 37. Rxd7+ Kxd7 38. Nb6+ 1-0

[Event "EU-Cup 09th Group5"]
[Site "Balatonbereny"]
[Date "1993.??.??"]
[Round "3"]
[White "Rublevsky, Sergei"]
[Black "Almasi, Zoltan"]
[Result "1/2-1/2"]
[WhiteElo "2525"]
[BlackElo "2580"]
[Annotator "Schussler,H"]
[PlyCount "84"]
[EventDate "1993.09.07"]
[EventType "team-k.o."]
[EventRounds "3"]
[EventCountry "HUN"]
[SourceTitle "EXT 2020"]
[Source "ChessBase"]
[SourceDate "2019.10.17"]
[SourceVersion "1"]
[SourceVersionDate "2019.10.17"]
[SourceQuality "1"]
[WhiteTeam "Chelyabinsk Poliot"]
[BlackTeam "Budapest Honved"]
[WhiteTeamCountry "RUS"]
[BlackTeamCountry "HUN"]

1. e4 e5 2. Nf3 Nc6 3. Nc3 Nf6 4. d4 exd4 5. Nxd4 Bb4 6. Nxc6 bxc6 7. Bd3 d5 8.
exd5 cxd5 (8... Qe7+ 9. Kf1 cxd5 10. Bg5 Bxc3 11. bxc3 O-O 12. Qf3 Re8 13. h4
Ne4 {13. - Rb8!? /\ 14. - Rb6} 14. Bxe7 Nd2+ 15. Ke2 Nxf3 16. Kxf3 Rxe7 $10 {
Odeev,H-Aleksandrov,A,Vokresensk 1993}) 9. O-O O-O 10. Bg5 c6 11. Na4 h6 12.
Bh4 Bd6 13. c4 Rb8 14. Re1 Be6 15. Rc1 Bf4 16. Rc2 dxc4 $5 17. Bxc4 Bf5 18.
Rce2 (18. Qxd8 Rfxd8 19. Bxf6 {19.Rce2 Rd4} Bxc2 20. Bxd8 Rxd8 $15) 18... Bxh2+
19. Kh1 $1 (19. Kxh2 Ng4+ 20. Kg3 Qc7+ 21. f4 (21. Kf3 Nh2+ 22. Ke3 Qe5+ 23.
Kd2 Qd4+ $19 {23. - Rxb2+ - +}) 21... g5 $19) 19... Bc7 20. Re7 g5 (20... Ng4 {
20. - Nd5!} 21. Qxd8 Bxd8 22. Rxf7 Rxf7 23. Re8+ Kh7 24. Bxf7 Bc7 $10) 21. Qf3
Qd4 22. Bxg5 hxg5 23. Rxc7 $10 Bg6 24. Rxc6 Kg7 25. Kg1 Rbc8 26. Rxc8 Rxc8 27.
Bb3 Rh8 28. Nc3 Qh4 29. Qh3 Qxh3 30. gxh3 Rxh3 31. Re7 Rd3 32. Rxa7 Rd2 33. Re7
$1 (33. Na4 $2 Ng4 $17) 33... Rxb2 34. Re2 Rxe2 35. Nxe2 Bd3 36. Nc3 Nd7 37. a4
Nc5 38. Bd5 f5 39. a5 Kf6 40. Bg2 Ke5 41. Bf1 Bxf1 42. Kxf1 g4 1/2-1/2

[Event "Moscow Alekhine op"]
[Site "Moscow"]
[Date "1992.??.??"]
[Round "?"]
[White "Svidler, Peter"]
[Black "Smyslov, Vassily V"]
[Result "1/2-1/2"]
[WhiteElo "2455"]
[BlackElo "2530"]
[Annotator "Schussler,H"]
[PlyCount "45"]
[EventDate "1992.10.??"]
[EventType "swiss"]
[EventRounds "9"]
[EventCountry "RUS"]
[SourceTitle "CBM 033"]
[Source "ChessBase"]
[SourceDate "1993.04.01"]
[SourceVersion "1"]
[SourceVersionDate "1993.04.01"]
[SourceQuality "1"]

1. e4 e5 2. Nf3 Nc6 3. Nc3 Nf6 4. d4 exd4 5. Nxd4 Bb4 6. Nxc6 bxc6 7. Bd3 d5 8.
exd5 cxd5 (8... Qe7+ 9. Qe2 cxd5 10. Bd2 Qxe2+ 11. Kxe2 c6 12. Na4 Bd6 13. Be3
O-O 14. f3 Nd7 15. Kf2 Re8 $10 {Shirov,A-Karpov,An, Moscow 1992. CBM 33 game
382.}) 9. O-O O-O 10. Bg5 Bxc3 $5 (10... c6 11. Na4 h6 12. Bh4 Be6 (12... Bd6
$5 13. Re1 Rb8 14. c3 Bg4 $13 {Arkhipov,S-Zaitsev,I, Moscow 1992. CBM 33 game
403.}) 13. c3 Be7 14. Re1 Nd7 $5 15. Bxe7 Qxe7 {[]/=. Arkhipov,S, Tseitlin,MS,
Moscow 1992. CBM 33 game 401.}) 11. bxc3 h6 12. Bh4 Qd6 13. Qf3 Bg4 14. Qg3
Qxg3 15. Bxg3 $14 Ne4 $5 16. Bxc7 Nxc3 17. f3 Bd7 18. Kf2 {18. e5} Bb5 19. Be5
Rac8 20. Rfc1 $6 $10 a6 21. Re1 Bxd3 22. cxd3 f6 23. Bf4 {23. - a4!?.} 1/2-1/2